000 00712nam a22002177a 4500
005 20170712120106.0
008 170712b xxu||||| |||| 00| 0 eng d
020 _a978-2-10-074542-5
040 _aBUAC
_cBUC
041 _aFre
100 _aPlane, Jean-Michel
245 _aManagement des organisations :
_bthéories . concepts . performances
_c/ Jean-Michel Plane
250 _a4e éd.
260 _aParis :
_bDunod,
_c2016
300 _aVIII-311
_bcouv. en coul. ;
_c24 cm.
440 _a(Management Sup : management - ressources humaines)
500 _aBibliogr. pp. 295-307 Index pp. 309-311
630 _2SCIENCES APPLIQUES - TECHNIQUES
650 _aOrganisation : gestion
_919543
942 _cLBA
999 _c56592
_d56592